Jugadores extranjeros en la historia de La Liga - Estadísticas

Estadísticas generales
  • Esta prueba ha sido intentada 487 veces
  • La puntuación promedio es 17 de 28
Estadísticas de respuestas
Nº de Jugadores % País % Correcto
551 18,3 % Argentina
99%
305 10,1 % Brasil
98%
163 5,4 % Francia
97%
40 1,3 % Alemania
92%
75 2,5 % Italia
90%
160 5,3 % Portugal
87%
196 6,5 % Uruguay
81%
48 1,6 % México
78%
58 1,9 % Colombia
75%
56 1,9 % Marruecos
75%
49 1,6 % Chile
73%
75 2,5 % Países Bajos
70%
24 0,8 % Bélgica
62%
32 1,1 % Rusia
60%
60 2,0 % Croacia
57%
27 0,9 % Perú
55%
22 0,7 % Polonia
52%
27 0,9 % Suecia
52%
36 1,2 % Camerún
48%
31 1,0 % Senegal
47%
115 3,8 % Serbia
45%
109 3,6 % Paraguay
43%
40 1,3 % Dinamarca
39%
39 1,3 % Nigeria
35%
44 1,5 % Rumanía
31%
33 1,1 % Hungría
29%
31 1,0 % Ghana
28%
28 0,9 % Costa de Marfil
22%
No se encontraron pruebas coincidentes
Distribución de puntuación
Porcentaje de gente con cada puntuación
Porcentaje por número respondido
Historial de tus puntuaciones
No has intentado esta prueba.